West Virginia A-Z - Statistics

General Stats
  • This quiz has been taken 9 times
  • The average score is 13 of 24
Answer Stats
Clue Answer % Correct
A The entire state of West Virginia is situated in this mountain range Appalachian
100%
Y Pilot who broke the sound barrier Chuck Yeager
100%
H Town raided by John Brown {Harper}s Ferry
100%
U WV joined this power in 1863 The Union
100%
V ...after separating from this state Virginia
100%
D Singer of "Take Me Home, Country Roads" John Denver
86%
I Confederacy that once used West Virginia as hunting grounds Iroquois
71%
O WV has been devastated by this major "epidemic" in recent years {Opioid} Epidemic
71%
W First capital city Wheeling
71%
C Most famous type of rock Coal
57%
G Apple variety from Clay County {Golden} Delicious
57%
M Location of West Virginia University Morgantown
57%
B Largest city in the far south Beckley
43%
E City named for a WV senator Elkins
43%
R State flower of West Virginia Rhododendron
43%
Z Girl who retrieved gunpowder from the British at Fort Henry Betty {Zane}
29%
K Charleston is situated on this river Kanawha River
29%
N Deep river gorge that became a national park in 2020 {New} {River} Gorge
29%
J Woman who founded Mother's Day Anna {Jarvis}
14%
F Former Moundsville glass company {Fostoria} Glass
14%
L County where the Hatfields lived Logan
14%
P Type of roll created in West Virginia Pepperoni
14%
S Highest point in West Virginia {Spruce} Knob
14%
T Railroad boomtown that now has a population of 5 Thurmond
14%
No matching quizzes found
Score Distribution
Percent of People with Each Score
Percentile by Number Answered
Your Score History
You have not taken this quiz